Full Names of Kpop Boybands starting with B - Statistics

General Stats
  • This quiz has been taken 950 times
  • The average score is 24 of 57
Answer Stats
Answer % Correct
Park Ji-min
92%
Kim Tae-hyung [V]
91%
Kim Nam-joon [Rap Monster]
89%
Kim Seok-jin [Jin]
89%
Min Yoon-gi [SUGA]
88%
Jung Ho-seok [J-Hope]
87%
Kwon Ji-yong [G-dragon]
85%
Jeon Jeongguk [Jungkook]
81%
Choi Seung-hyun [T.O.P]
80%
Dong Young-bae [Taeyang]
77%
Kang Dae-sung
73%
Lee Seung-hyun [Seungri]
73%
Woo Ji-ho [Zico]
62%
Lee Min-hyuk [B-Bomb]
58%
Lee Min-hyuk
54%
Yook Sung-jae
54%
Peniel D. Shin Donggeun
50%
Choi Jun-hong [Zelo]
46%
Seo Eun-kwang
46%
Bang Yong-guk
44%
Jung Il-hoon
43%
Lee Chang-sub
43%
Pyo Ji Hoon [P.O]
43%
Jung Dae-hyun
42%
Jung Jin-young
42%
Lee Tae-il [Taeil]
42%
Yoo Young-jae
41%
Kim Him-chan
38%
Shin Dong-woo [CNU]
38%
Yang Yo-seob
38%
Lee Gi-kwang
37%
Moon Jong-up
36%
Lim Hyun-sik
35%
Yoon Doo-joon
35%
Cha Sun-woo [Baro]
33%
Kim Yu-kwon [U-Kwon]
33%
Gong Chan-Shik
31%
Yong Jun-hyung
29%
Ahn Jae-hyo
27%
Lee Jung-hwan [Sandeul]
27%
Son Dong-woon
27%
Yang Hyun-seung
26%
Jo Kwang-min
25%
Jo Young-min
25%
Park Kyung
25%
No Min-woo
21%
Kim Dong-hyun [Jude]
20%
Kim Dong-hyun
19%
Lee Jeong-min
15%
Shim Hyun-seong
13%
Oh Kwang-suk [Feeldog]
12%
Kim Rae-hwan
8%
Brad Moore
7%
Jung Sung-hak
7%
Lee Young-jun [Baram]
7%
Jang Beom-Jun
6%
Kim Hyung-Tae
6%
No matching quizzes found
Score Distribution
Percent of People with Each Score
Percentile by Number Answered
Your Score History
You have not taken this quiz